000 00530nam a2200169 4500
999 _c4186
_d4186
008 160827b xxu||||| |||| 00| 0 eng d
022 _a2094-8042
082 _aDPer 370.105 M72 Jan-Dec 2012 v. 60-61
100 _913807
_aOrtal, Jhon Rey D.
243 _a
245 _aValedictory address/
_cJhon Rey D. Ortal.
260 _aPhilippines:
_bIn the Grade School, Inc.,
_c©2012.
300 _av60 n10, pages 402-403;
_c28 cm.
500 _aThe Modern Teacher.
650 0 _913808
_aCommencements
_xSpeech
942 _2ddc
_cPER